| 000 -LEADER |
| fixed length control field |
01827cam a2200349 i 4500 |
| 001 - CONTROL NUMBER |
| control field |
18087386 |
| 003 - CONTROL NUMBER IDENTIFIER |
| control field |
OSt |
| 005 - DATE AND TIME OF LATEST TRANSACTION |
| control field |
20221230155822.0 |
| 008 - FIXED-LENGTH DATA ELEMENTS--GENERAL INFORMATION |
| fixed length control field |
140329s2014 azuab j b 001 0 eng |
| 010 ## - LIBRARY OF CONGRESS CONTROL NUMBER |
| LC control number |
2014009502 |
| 020 ## - INTERNATIONAL STANDARD BOOK NUMBER |
| International Standard Book Number |
9781781210871 |
| 040 ## - CATALOGING SOURCE |
| Original cataloging agency |
DLC |
| Language of cataloging |
eng |
| Description conventions |
rda |
| Transcribing agency |
DLC |
| Modifying agency |
KH8 |
| 042 ## - AUTHENTICATION CODE |
| Authentication code |
pcc |
| 043 ## - GEOGRAPHIC AREA CODE |
| Geographic area code |
e-uk--- |
| 082 00 - DEWEY DECIMAL CLASSIFICATION NUMBER |
| Classification number |
941.081 COO |
| Edition number |
23 |
| 100 1# - MAIN ENTRY--PERSONAL NAME |
| Personal name |
Cooke, Tim, |
| Dates associated with a name |
1960- |
| Relator term |
author |
| 245 14 - TITLE STATEMENT |
| Title |
The Victorians / |
| Statement of responsibility, etc. |
[Tim Cooke] |
| 264 #1 - PRODUCTION, PUBLICATION, DISTRIBUTION, MANUFACTURE, AND COPYRIGHT NOTICE |
| Place of production, publication, distribution, manufacture |
Tucson, AZ : |
| Name of producer, publisher, distributor, manufacturer |
Brown Bear Books Ltd, |
| Date of production, publication, distribution, manufacture, or copyright notice |
[2014] |
| 300 ## - PHYSICAL DESCRIPTION |
| Extent |
32 pages : |
| Other physical details |
illustrations, map ; |
| Dimensions |
26 cm. |
| 336 ## - CONTENT TYPE |
| Content type term |
text |
| Source |
rdacontent |
| 337 ## - MEDIA TYPE |
| Media type term |
unmediated |
| Source |
rdamedia |
| 338 ## - CARRIER TYPE |
| Carrier type term |
volume |
| Source |
rdacarrier |
| 490 0# - SERIES STATEMENT |
| Series statement |
At home with...in history |
| 504 ## - BIBLIOGRAPHY, ETC. NOTE |
| Bibliography, etc. note |
Includes bibliographical references (page 31) and index. |
| 505 0# - FORMATTED CONTENTS NOTE |
| Formatted contents note |
Hello people! : welcome to the Victorian world! -- Our cities : big city slickers -- On the move : getting around -- My home : our homes are our castles -- Trip advisor : America rules! -- Style watch : get the look! -- Master chef : food and drink -- Makeover : keeping up appearances -- Which job? : you can't get the staff -- Time off : in our spare time -- Love to shop : we're all consumers now -- Holiday time : get in the festive spirit -- In the news : read all about it! |
| 520 ## - SUMMARY, ETC. |
| Summary, etc. |
"Describes the fascinating lifestyles of people in the Victorian era. Using a celebrity-magazine type format, readers are introduced to life in this society"-- |
| Assigning source |
Provided by publisher. |
| 651 #0 - SUBJECT ADDED ENTRY--GEOGRAPHIC NAME |
| Geographic name |
Great Britain |
| General subdivision |
Social life and customs |
| Chronological subdivision |
19th century |
| Form subdivision |
Juvenile literature. |
| 651 #0 - SUBJECT ADDED ENTRY--GEOGRAPHIC NAME |
| Geographic name |
Great Britain |
| General subdivision |
History |
| Chronological subdivision |
Victoria, 1837-1901 |
| Form subdivision |
Juvenile literature. |
| 906 ## - LOCAL DATA ELEMENT F, LDF (RLIN) |
| a |
7 |
| b |
cbc |
| c |
orignew |
| d |
1 |
| e |
ecip |
| f |
20 |
| g |
y-gencatlg |
| 942 ## - ADDED ENTRY ELEMENTS (KOHA) |
| Source of classification or shelving scheme |
|
| Koha item type |
Books - Non Ficton |